[Event "Riga Tech op-A"]
[Site "Riga"]
[Date "2021.08.12"]
[Round "5"]
[White "Stukan, Martin"]
[Black "Silich, Yahor"]
[Result "1-0"]
[WhiteElo "2443"]
[BlackElo "2289"]
[PlyCount "43"]
[EventDate "2021.08.09"]
[EventType "swiss"]
[EventRounds "9"]
[EventCountry "LAT"]
[SourceTitle "CBM 203 Extra"]
[Source "ChessBase"]
[SourceDate "2021.09.30"]
[SourceVersion "1"]
[SourceVersionDate "2021.09.30"]
[SourceQuality "1"]

1. d4 Nf6 2. c4 g6 3. Nc3 Bg7 4. e4 d6 5. Nf3 0-0 6. Be2 e5 7. 0-0 Nbd7 8. Be3 Re8 9. Qc2 exd4 10. Nxd4 Ne5 11. h3 c5 12. Nf3 Nfd7 13. Rad1 Nxf3+ 14. Bxf3 Ne5 15. Be2 b6 16. Nb5 Bf8 17. f4 a6 18. Nxd6 Bxd6 19. fxe5 Rxe5 20. Qd3 Re6 21. Bf4 Ra7 22. Bg4 1-0

[Event "Belgrade Serbia op"]
[Site "Belgrade"]
[Date "2021.07.07"]
[Round "8"]
[White "Markus, Robert"]
[Black "Stukan, Martin"]
[Result "1/2-1/2"]
[WhiteElo "2600"]
[BlackElo "2431"]
[PlyCount "69"]
[EventDate "2021.07.02"]
[EventType "swiss"]
[EventRounds "9"]
[EventCountry "SRB"]
[SourceTitle "CBM 203 Extra"]
[Source "ChessBase"]
[SourceDate "2021.09.30"]
[SourceVersion "1"]
[SourceVersionDate "2021.09.30"]
[SourceQuality "1"]

1. d4 Nf6 2. c4 e6 3. Nc3 Bb4 4. e3 0-0 5. Bd2 b6 6. Nf3 c5 7. dxc5 Bxc5 8. Bd3 Bb7 9. 0-0 d5 10. cxd5 Nxd5 11. Nxd5 Qxd5 12. Qc2 Qh5 13. Be4 Bxe4 14. Qxe4 Nd7 15. Bc3 Qg6 16. Qb7 Nf6 17. Rfd1 Qe4 18. Rd7 Qxb7 19. Rxb7 Nd5 20. Bd4 Bxd4 21. Nxd4 Rfb8 22. Rxb8+ Rxb8 23. Rc1 Kf8 24. a3 e5 25. Nf3 f6 26. Rd1 Ne7 27. Rd7 a5 28. g4 Rc8 29. Rb7 Nd5 30. b4 axb4 31. axb4 Rc4 32. g5 Rxb4 33. gxf6 gxf6 34. Rxh7 Ne7 35. Kg2 1/2-1/2

[Event "Belgrade Serbia op"]
[Site "Belgrade"]
[Date "2021.07.05"]
[Round "5"]
[White "Basso, Pier Luigi"]
[Black "Stukan, Martin"]
[Result "1-0"]
[WhiteElo "2550"]
[BlackElo "2431"]
[PlyCount "67"]
[EventDate "2021.07.02"]
[EventType "swiss"]
[EventRounds "9"]
[EventCountry "SRB"]
[SourceTitle "CBM 203 Extra"]
[Source "ChessBase"]
[SourceDate "2021.09.30"]
[SourceVersion "1"]
[SourceVersionDate "2021.09.30"]
[SourceQuality "1"]

1. d4 Nf6 2. c4 e6 3. Nf3 d5 4. Nc3 dxc4 5. e4 Bb4 6. Bg5 h6 7. Bxf6 Qxf6 8. Bxc4 c5 9. 0-0 cxd4 10. e5 Qd8 11. Ne4 Nc6 12. Qe2 a6 13. Rac1 b5 14. Bxe6 Bxe6 15. Rxc6 0-0 16. Rd1 Bc4 17. Nf6+ gxf6 18. Qe4 Re8 19. Rxd4 Qa5 20. Qh4 Bf8 21. Rg4+ Kh7 22. Qxf6 Qd8 23. Qf5+ Kh8 24. h3 Bg7 25. Rxg7 Kxg7 26. Qg4+ Kh7 27. Qf5+ Kg7 28. Qg4+ Kh7 29. Rd6 Qc8 30. Ng5+ hxg5 31. Qh5+ Kg7 32. Qh6+ Kg8 33. Qxg5+ Kf8 34. Rh6 1-0

[Event "Belgrade Serbia op"]
[Site "Belgrade"]
[Date "2021.07.03"]
[Round "2"]
[White "Stukan, Martin"]
[Black "Papakonstantinou, Dimitrios"]
[Result "1-0"]
[WhiteElo "2431"]
[BlackElo "2251"]
[PlyCount "145"]
[EventDate "2021.07.02"]
[EventType "swiss"]
[EventRounds "9"]
[EventCountry "SRB"]
[SourceTitle "CBM 203 Extra"]
[Source "ChessBase"]
[SourceDate "2021.09.30"]
[SourceVersion "1"]
[SourceVersionDate "2021.09.30"]
[SourceQuality "1"]

1. d4 Nf6 2. c4 g6 3. Nc3 Bg7 4. e4 d6 5. Nf3 0-0 6. Bd3 Na6 7. 0-0 e5 8. d5 Nc5 9. Be2 a5 10. a3 Ne8 11. Rb1 f5 12. exf5 gxf5 13. b4 Na6 14. g3 Qe7 15. Nh4 axb4 16. axb4 Bd7 17. Re1 Qf7 18. Be3 Kh8 19. f3 c6 20. b5 cxb5 21. Nxb5 Rc8 22. Bd3 Nc5 23. Bf1 Bf6 24. Ng2 Rg8 25. Qd2 Qh5 26. Qf2 b6 27. Nxd6 Nxd6 28. Rxb6 Ncb7 29. c5 f4 30. Bd2 Qf7 31. c6 Qxd5 32. cxb7 Rb8 33. Bb4 Ne8 34. Qd2 Bc6 35. Qxd5 Bxd5 36. Bc3 Rxb7 37. Rxf6 Nxf6 38. Nxf4 Bxf3 39. Bxe5 Kg7 40. Re3 Bg4 41. h3 Bd1 42. Rd3 Rb1 43. Rd6 Rf8 44. g4 Kf7 45. Rxf6+ Ke8 46. Re6+ Kd7 47. Rd6+ Ke8 48. Kg2 Bc2 49. Bc4 Rb4 50. Rd4 Rb1 51. Kg3 Bg6 52. Bg7 Rg1+ 53. Kf2 Rxf4+ 54. Rxf4 Rc1 55. Kg3 Ke7 56. Bd4 Rxc4 57. Bf6+ Ke6 58. Rxc4 Kxf6 59. Kf4 Be8 60. Rb4 Bg6 61. Rb6+ Kg7 62. Ke5 Bc2 63. h4 Bd1 64. Kf5 Bc2+ 65. Kg5 Bd3 66. Rb7+ Kg8 67. Kf6 h6 68. g5 hxg5 69. hxg5 Kh8 70. g6 Bc4 71. Rb8+ Bg8 72. g7+ Kh7 73. Rf8 1-0

[Event "Veliko Gradiste Silver Lake op-A"]
[Site "Veliko Gradiste"]
[Date "2021.06.30"]
[Round "9"]
[White "Stukan, Martin"]
[Black "Sedlak, Nikola"]
[Result "0-1"]
[WhiteElo "2376"]
[BlackElo "2519"]
[PlyCount "80"]
[EventDate "2021.06.23"]
[EventType "swiss"]
[EventRounds "9"]
[EventCountry "SRB"]
[SourceTitle "CBM 203 Extra"]
[Source "ChessBase"]
[SourceDate "2021.09.30"]
[SourceVersion "1"]
[SourceVersionDate "2021.09.30"]
[SourceQuality "1"]

1. c4 c6 2. e4 e5 3. Nf3 d6 4. d4 Nd7 5. Nc3 Ngf6 6. Be2 Be7 7. 0-0 0-0 8. Be3 Ng4 9. Bd2 Qe8 10. Re1 Bd8 11. h3 Ngf6 12. Bf1 Qe7 13. b4 Bc7 14. Qb3 Rd8 15. Rad1 Nf8 16. Bc1 Ng6 17. g3 Bd7 18. d5 h6 19. a4 Nh7 20. Kg2 Kh8 21. a5 a6 22. Bd3 Rf8 23. Na4 Rae8 24. Qc2 Qd8 25. Be3 Qc8 26. Rh1 f5 27. exf5 Ne7 28. dxc6 Bxc6 29. g4 Nf6 30. Nc3 e4 31. Nxe4 Nxf5 32. gxf5 Nxe4 33. Nd4 d5 34. Bxe4 Rxe4 35. b5 Bd7 36. cxd5 Bxf5 37. Qc3 Bxh3+ 38. Rxh3 Qg4+ 39. Rg3 Bxg3 40. f3 Qg6 0-1

[Event "Banja Vrujci GM-3"]
[Site "Banja Vrujci"]
[Date "2021.06.17"]
[Round "9"]
[White "Isha, Sharma"]
[Black "Stukan, Martin"]
[Result "0-1"]
[WhiteElo "2237"]
[BlackElo "2376"]
[PlyCount "116"]
[EventDate "2021.06.11"]
[EventType "tourn"]
[EventRounds "9"]
[EventCountry "SRB"]
[EventCategory "8"]
[SourceTitle "CBM 203 Extra"]
[Source "ChessBase"]
[SourceDate "2021.09.30"]
[SourceVersion "1"]
[SourceVersionDate "2021.09.30"]
[SourceQuality "1"]

1. e4 c5 2. Nf3 d6 3. d4 cxd4 4. Nxd4 Nf6 5. Nc3 a6 6. Be2 e5 7. Nb3 Be7 8. Be3 Be6 9. Nd5 Nbd7 10. Qd3 0-0 11. c4 b5 12. cxb5 axb5 13. 0-0 Bxd5 14. exd5 Nb6 15. Bf3 Nc4 16. Bc1 Nd7 17. Nd2 f5 18. Nxc4 e4 19. Qe3 bxc4 20. Be2 Ne5 21. Bd2 h6 22. Bc3 Bg5 23. Qd4 Bf6 24. Qe3 Nd3 25. f3 f4 26. Bxf6 Qxf6 27. Qxe4 Rae8 28. Qxc4 Rxe2 29. Qxd3 Qxb2 30. Qg6 Rf6 31. Qg4 Kh7 32. Rae1 Rg6 33. Rxe2 Qxe2 34. Qh3 Qxa2 35. Kh1 Rg5 36. Rg1 Qxd5 37. Qh4 Qf5 38. Qe1 d5 39. Qc3 Rg6 40. Rd1 Rb6 41. h3 Rb1 42. Rxb1 Qxb1+ 43. Kh2 Qf5 44. Qd4 Kg6 45. Kg1 Kf7 46. Qa7+ Kf6 47. Qb6+ Qe6 48. Qd8+ Kg6 49. Kh2 Qe5 50. Qb6+ Kf5 51. Qb1+ Kg5 52. Qb5 Qd6 53. Kg1 Kf6 54. Kf2 d4 55. Ke2 Qe5+ 56. Qxe5+ Kxe5 57. Kd3 Kd5 58. h4 h5 0-1

[Event "Banja Vrujci GM-3"]
[Site "Banja Vrujci"]
[Date "2021.06.15"]
[Round "6"]
[White "Sturt, Raven M"]
[Black "Stukan, Martin"]
[Result "0-1"]
[WhiteElo "2494"]
[BlackElo "2376"]
[PlyCount "127"]
[EventDate "2021.06.11"]
[EventType "tourn"]
[EventRounds "9"]
[EventCountry "SRB"]
[EventCategory "8"]
[SourceTitle "CBM 203 Extra"]
[Source "ChessBase"]
[SourceDate "2021.09.30"]
[SourceVersion "1"]
[SourceVersionDate "2021.09.30"]
[SourceQuality "1"]

1. d4 Nf6 2. c4 e6 3. Nf3 d5 4. Nc3 dxc4 5. e4 Bb4 6. Bxc4 Nxe4 7. 0-0 Nxc3 8. bxc3 Bd6 9. Bg5 Be7 10. Bf4 0-0 11. Qc2 Nd7 12. Bd3 Nf6 13. Ne5 c5 14. dxc5 h6 15. Rad1 Qa5 16. Rfe1 Qxc5 17. c4 Qa5 18. g4 Rd8 19. g5 hxg5 20. Bxg5 Bd7 21. Qc1 Ba4 22. Rd2 Bb4 23. Rde2 Bxe1 24. Rxe1 Rxd3 25. Nxd3 Qf5 26. Ne5 Ne4 27. Bf4 f6 28. Nd3 e5 29. Qe3 Bc6 30. Bg3 Nxg3 31. fxg3 Rd8 32. Nb4 Rd4 33. Nxc6 bxc6 34. c5 Kh7 35. Rf1 Qc2 36. Qf3 Rd8 37. Qxc6 Rd2 38. Re1 Rxh2 39. Qf3 Kh6 40. g4 Rh4 41. Qg3 g5 42. Qf3 Qxc5+ 43. Kg2 Qb6 44. Kg3 Kg7 45. Qe4 Qb2 46. Re2 Qc3+ 47. Qe3 Qc4 48. Qe4 Qc1 49. Rf2 Qg1+ 50. Rg2 Qf1 51. Qb7+ Kh6 52. Qb4 Qf4+ 53. Qxf4 exf4+ 54. Kf3 Kg6 55. Rc2 Rh3+ 56. Kg2 Rg3+ 57. Kf2 Rxg4 58. Rc7 Rh4 59. Rxa7 g4 60. a4 Rh2+ 61. Kg1 Ra2 62. a5 f3 63. a6 g3 64. Kf1 0-1

[Event "RUS-ch U20"]
[Site "Loo"]
[Date "2021.04.24"]
[Round "4"]
[White "Makovich, Andrey"]
[Black "Stukan, Martin"]
[Result "0-1"]
[WhiteElo "2171"]
[BlackElo "2390"]
[PlyCount "74"]
[EventDate "2021.04.21"]
[EventType "swiss"]
[EventRounds "9"]
[EventCountry "RUS"]
[SourceTitle "CBM 202 Extra"]
[Source "ChessBase"]
[SourceDate "2021.07.31"]
[SourceVersion "1"]
[SourceVersionDate "2021.07.31"]
[SourceQuality "1"]

1. d4 Nf6 2. Nf3 d5 3. c4 e6 4. e3 Be7 5. Nbd2 0-0 6. Bd3 c5 7. b3 cxd4 8. exd4 Nc6 9. Bb2 b6 10. 0-0 Bb7 11. Qe2 Rc8 12. Rac1 Bd6 13. Rfe1 Qe7 14. Ne5 Ba3 15. Ndf3 Bxb2 16. Qxb2 h6 17. Nxc6 Rxc6 18. Ne5 Rc7 19. f4 dxc4 20. bxc4 Qd6 21. f5 exf5 22. Bxf5 Re7 23. c5 bxc5 24. dxc5 Qd5 25. Nf3 Rxe1+ 26. Nxe1 Ba8 27. Bb1 Re8 28. Nf3 Bc6 29. Qc2 g6 30. Qd2 Qh5 31. Qf4 Re2 32. Qxf6 Qg4 33. g3 Bxf3 34. Rd1 Rg2+ 35. Kf1 Qc4+ 36. Bd3 Qxc5 37. Qd8+ Kg7 0-1

[Event "RUS-ch U20"]
[Site "Loo"]
[Date "2021.04.21"]
[Round "1"]
[White "Stukan, Martin"]
[Black "Marchuk, Rostislav"]
[Result "1-0"]
[WhiteElo "2390"]
[BlackElo "2080"]
[PlyCount "93"]
[EventDate "2021.04.21"]
[EventType "swiss"]
[EventRounds "9"]
[EventCountry "RUS"]
[SourceTitle "CBM 202 Extra"]
[Source "ChessBase"]
[SourceDate "2021.07.31"]
[SourceVersion "1"]
[SourceVersionDate "2021.07.31"]
[SourceQuality "1"]

1. e4 d6 2. d4 Nf6 3. Nc3 e5 4. Nf3 Nbd7 5. Bc4 Be7 6. 0-0 0-0 7. a4 c6 8. Ba2 a5 9. Qe2 Qc7 10. Rd1 Nb6 11. h3 Nfd7 12. Bg5 Re8 13. Bxe7 Rxe7 14. Qd3 Nf8 15. d5 c5 16. Nd2 Ng6 17. Bc4 f5 18. Qe3 Rf7 19. Bb5 Qe7 20. Kh2 f4 21. Qd3 f3 22. g3 Bxh3 23. Kxh3 Raf8 24. Kh2 Qg5 25. Rh1 Rf4 26. Kg1 Rg4 27. Nf1 h5 28. Rh2 h4 29. Kh1 Rf6 30. Be8 Nf4 31. Qxf3 hxg3 32. fxg3 Nh5 33. Rxh5 Rxf3 34. Rxg5 Rxg5 35. Kg2 Rf4 36. Ne3 Kf8 37. Bb5 g6 38. Rf1 Kf7 39. Rf3 Rxf3 40. Kxf3 Rh5 41. Kg2 Ke7 42. b3 Rh8 43. Nb1 Kd8 44. Be2 Rh7 45. Na3 Rf7 46. Nac4 Nxc4 47. Nxc4 1-0

[Event "Novi Sad TS Mix 158th"]
[Site "Novi Sad"]
[Date "2021.02.27"]
[Round "10"]
[White "Stukan, Martin"]
[Black "Doshi, Moksh Amitbhai"]
[Result "1/2-1/2"]
[WhiteElo "2342"]
[BlackElo "2332"]
[PlyCount "59"]
[EventDate "2021.02.21"]
[EventType "swiss"]
[EventRounds "10"]
[EventCountry "SRB"]
[SourceTitle "CBM 200 Extra"]
[Source "ChessBase"]
[SourceDate "2021.03.31"]
[SourceVersion "1"]
[SourceVersionDate "2021.03.31"]
[SourceQuality "1"]

1. c4 Nf6 2. Nc3 e5 3. Nf3 Nc6 4. e3 Bb4 5. Qc2 Bxc3 6. Qxc3 Qe7 7. d3 d5 8. Be2 0-0 9. cxd5 Nxd5 10. Qa3 Qxa3 11. bxa3 f6 12. Bd2 Nb6 13. 0-0 Rd8 14. Rab1 Bf5 15. Rb3 Rd7 16. a4 Nxa4 17. Rxb7 Nc5 18. Rb5 Nxd3 19. Nh4 Be4 20. f3 Bg6 21. Nxg6 hxg6 22. Bc3 a6 23. Rb3 Rad8 24. Ra3 Ne7 25. e4 Rd6 26. Ba5 R8d7 27. Bxc7 Rxc7 28. Bxd3 a5 29. Rb1 Kh7 30. Bf1 1/2-1/2

[Event "Novi Sad TS Mix 158th"]
[Site "Novi Sad"]
[Date "2021.02.24"]
[Round "5"]
[White "Savic, Miodrag R"]
[Black "Stukan, Martin"]
[Result "1/2-1/2"]
[WhiteElo "2453"]
[BlackElo "2342"]
[PlyCount "113"]
[EventDate "2021.02.21"]
[EventType "swiss"]
[EventRounds "10"]
[EventCountry "SRB"]
[SourceTitle "CBM 200 Extra"]
[Source "ChessBase"]
[SourceDate "2021.03.31"]
[SourceVersion "1"]
[SourceVersionDate "2021.03.31"]
[SourceQuality "1"]

1. e4 c5 2. c3 Nf6 3. e5 Nd5 4. Nf3 d6 5. d4 cxd4 6. exd6 e6 7. Nxd4 Bxd6 8. g3 Nc6 9. Bg2 0-0 10. 0-0 Nxd4 11. Qxd4 Qc7 12. Nd2 Bd7 13. Ne4 Be5 14. Qc5 Bc6 15. Re1 b6 16. Qa3 h6 17. f4 Bf6 18. Qd6 Qxd6 19. Nxd6 Rfd8 20. Ne4 Be7 21. Bd2 Rac8 22. Rad1 Ba4 23. b3 Bc6 24. Kf1 b5 25. Rc1 Ba3 26. Rcd1 Be8 27. Bf3 Bb2 28. Bc1 Bxc3 29. Nxc3 Nxc3 30. Rxd8 Rxd8 31. a3 a5 32. Be3 Rc8 33. Bd2 b4 34. axb4 axb4 35. Rc1 Bb5+ 36. Kf2 Kf8 37. Bxc3 bxc3 38. Ke3 Ke7 39. Kd4 f6 40. Be4 g5 41. Ke3 gxf4+ 42. gxf4 Rc5 43. h4 Kd6 44. Rd1+ Ke7 45. Kd4 Rc8 46. Rg1 c2 47. Rc1 Rg8 48. Rxc2 Rg4 49. Rc5 Be8 50. Ke3 Rxh4 51. b4 Rh3+ 52. Kd4 h5 53. Ra5 Rh2 54. Ra7+ Kd6 55. Ra6+ Ke7 56. Ra7+ Kd6 57. Ra6+ 1/2-1/2

[Event "Titled Tuesday intern op 12th Jan"]
[Site "Chess.com INT"]
[Date "2021.01.12"]
[Round "5"]
[White "Spata, German"]
[Black "Stukan, Martin"]
[Result "0-1"]
[WhiteElo "2257"]
[BlackElo "2342"]
[PlyCount "188"]
[EventDate "2021.01.12"]
[EventType "swiss (blitz)"]
[EventRounds "11"]
[EventCountry "USA"]
[SourceTitle "CBM 200 Extra"]
[Source "ChessBase"]
[SourceDate "2021.03.31"]
[SourceVersion "1"]
[SourceVersionDate "2021.03.31"]
[SourceQuality "1"]

1. d4 Nf6 2. Bf4 c5 3. e3 Qb6 4. Nc3 a6 5. a3 d5 6. Nf3 Bg4 7. Be2 e6 8. 0-0 cxd4 9. exd4 Nbd7 10. Rb1 Be7 11. h3 Bh5 12. Re1 0-0 13. Ne5 Bxe2 14. Rxe2 Nxe5 15. Bxe5 Rac8 16. Qd3 Qc6 17. Nd1 Nd7 18. c3 Nxe5 19. Rxe5 Bd6 20. Re2 b5 21. Ne3 a5 22. Rc2 Bf4 23. g3 Bxe3 24. Qxe3 b4 25. axb4 axb4 26. Rbc1 Qa4 27. c4 b3 28. Rc3 Rxc4 29. Rxc4 dxc4 30. Qe4 Rd8 31. Qb7 h6 32. Qb6 Rc8 33. Qb7 Qc6 34. Qe7 Qd5 35. Rd1 Ra8 36. Qb4 Ra2 37. Qc3 Ra4 38. Rc1 Ra2 39. Qxc4 Qxc4 40. Rxc4 Rxb2 41. Rc8+ Kh7 42. Kg2 Rb1 43. Rb8 Kg6 44. Rb7 Kf6 45. h4 g6 46. Kf3 b2 47. Kg2 Kg7 48. Kh2 Kf8 49. Kg2 Ke8 50. Kf3 Kd8 51. Kf4 Kc8 52. Rb4 f6 53. f3 Kd7 54. Kg4 Kc6 55. Kf4 Kd5 56. Kg4 Kd6 57. Kf4 Kd7 58. Kg4 Ke7 59. Kf4 Kf7 60. Rb7+ Ke8 61. Rb8+ Kd7 62. Rb6 Kc7 63. Rb4 Kc6 64. Kg4 Kd5 65. Kf4 Rd1 66. Rxb2 Rxd4+ 67. Ke3 Rc4 68. Rd2+ Ke5 69. Rd7 Rc3+ 70. Kf2 g5 71. Rh7 gxh4 72. gxh4 Kf4 73. Rxh6 Rxf3+ 74. Kg2 Ke4 75. Rh8 e5 76. h5 Rf4 77. Kg3 f5 78. h6 Rf1 79. Kg2 Rf4 80. Kg3 Rg4+ 81. Kh3 Rg6 82. Kh4 f4 83. Kh5 Rg1 84. h7 Rh1+ 85. Kg6 f3 86. Rf8 Ke3 87. h8Q Rxh8 88. Rxh8 f2 89. Rf8 e4 90. Kg5 Ke2 91. Kg4 e3 92. Kg3 f1Q 93. Rxf1 Kxf1 94. Kf3 e2 0-1

[Event "Titled Tuesday intern op 12th Jan"]
[Site "Chess.com INT"]
[Date "2021.01.12"]
[Round "3"]
[White "Stukan, Martin"]
[Black "Balla, Tamas Kristof"]
[Result "1/2-1/2"]
[WhiteElo "2342"]
[BlackElo "2336"]
[PlyCount "127"]
[EventDate "2021.01.12"]
[EventType "swiss (blitz)"]
[EventRounds "11"]
[EventCountry "USA"]
[SourceTitle "CBM 200 Extra"]
[Source "ChessBase"]
[SourceDate "2021.03.31"]
[SourceVersion "1"]
[SourceVersionDate "2021.03.31"]
[SourceQuality "1"]

1. e4 d5 2. exd5 Qxd5 3. Nc3 Qd6 4. d4 c6 5. Nf3 Nf6 6. g3 Bg4 7. Bg2 e6 8. 0-0 Nbd7 9. h3 Bxf3 10. Bxf3 Qc7 11. Kg2 Bd6 12. Qd3 0-0 13. Rd1 Rad8 14. Ne4 Nxe4 15. Bxe4 Nf6 16. Bg5 h6 17. Bxf6 gxf6 18. Qf3 f5 19. Bd3 Be7 20. c3 c5 21. dxc5 Bxc5 22. Bc2 Qc6 23. Qxc6 bxc6 24. Ba4 Rb8 25. b4 Bb6 26. Bxc6 Rfc8 27. b5 Rc7 28. c4 a5 29. Rd3 Kf8 30. Rad1 Ke7 31. Rd7+ Rxd7 32. Rxd7+ Kf6 33. a4 Rd8 34. Rxd8 Bxd8 35. f4 Bb6 36. Kf3 Ke7 37. g4 fxg4+ 38. hxg4 f6 39. Bb7 Kd6 40. Bc8 Ke7 41. Kg3 Kd6 42. Kh4 Be3 43. Kg3 Bb6 44. Kf3 Bc5 45. Ke4 Bb6 46. Kd3 Bc5 47. Bb7 Bb6 48. Be4 Bc5 49. Bh7 Bb6 50. Bg8 Bc5 51. Ke4 Bb6 52. Kf3 Bc5 53. Kg3 Bb6 54. Kh4 Be3 55. Kg3 Bb6 56. Bh7 Bc5 57. Kf3 Bb6 58. Ke4 Bc5 59. Kd3 Bb6 60. Be4 Bc5 61. Bb7 Bb6 62. Bc8 Bc5 63. Ke4 Bb6 64. Kf3 1/2-1/2

[Event "Titled Tuesday intern op 01st Sept"]
[Site "Chess.com INT"]
[Date "2020.09.01"]
[Round "3"]
[White "Stukan, Martin"]
[Black "Allahverdiyeva, Ayan"]
[Result "0-1"]
[WhiteElo "2325"]
[BlackElo "2088"]
[PlyCount "72"]
[EventDate "2020.09.01"]
[EventType "swiss (blitz)"]
[EventRounds "10"]
[EventCountry "USA"]
[SourceTitle "CBM 198 Extra"]
[Source "ChessBase"]
[SourceDate "2020.11.30"]
[SourceVersion "1"]
[SourceVersionDate "2020.11.30"]
[SourceQuality "1"]

1. d4 Nf6 2. c4 g6 3. Nc3 Bg7 4. e4 0-0 5. Nf3 d6 6. Be2 Nc6 7. d5 Ne5 8. Nxe5 dxe5 9. 0-0 e6 10. c5 exd5 11. exd5 b6 12. b4 a5 13. bxa5 bxc5 14. Be3 Rxa5 15. Qd2 Ng4 16. Bxg4 Bxg4 17. a4 Qa8 18. Nb5 Rc8 19. Rac1 c6 20. dxc6 Rxc6 21. h3 Be6 22. Nc3 Rc8 23. Rb1 Bf5 24. Rb5 Rd8 25. Qb2 Bd3 26. Rxa5 Qxa5 27. Rd1 e4 28. Bd2 Be2 29. Rc1 Bd4 30. Be1 Bd3 31. Qa2 e3 32. Ne4 exf2+ 33. Nxf2 Qc7 34. Kh1 Bf5 35. a5 Qf4 36. Bd2 Qxf2 0-1

[Event "Titled Tuesday intern op 01st Sept"]
[Site "Chess.com INT"]
[Date "2020.09.01"]
[Round "1"]
[White "Stukan, Martin"]
[Black "Smirnov, Alexandr A"]
[Result "1-0"]
[WhiteElo "2325"]
[BlackElo "2136"]
[PlyCount "97"]
[EventDate "2020.09.01"]
[EventType "swiss (blitz)"]
[EventRounds "10"]
[EventCountry "USA"]
[SourceTitle "CBM 198 Extra"]
[Source "ChessBase"]
[SourceDate "2020.11.30"]
[SourceVersion "1"]
[SourceVersionDate "2020.11.30"]
[SourceQuality "1"]

1. d4 Nf6 2. c4 g6 3. Nc3 Bg7 4. e4 0-0 5. Nf3 d6 6. Be2 e5 7. 0-0 Nc6 8. d5 Ne7 9. Bg5 Nh5 10. Re1 f6 11. Be3 f5 12. exf5 Bxf5 13. c5 Nf4 14. cxd6 Nxe2+ 15. Qxe2 cxd6 16. Nd2 a6 17. Nde4 Bxe4 18. Nxe4 h6 19. Qd3 Rc8 20. Rac1 Qd7 21. g3 Kh7 22. Kg2 Rxc1 23. Rxc1 Rc8 24. Rxc8 Nxc8 25. Qc4 Ne7 26. Bd2 Qc8 27. Nxd6 Qxc4 28. Nxc4 Nxd5 29. Nd6 b5 30. Ne4 Kg8 31. Nc5 Nc7 32. Ba5 Bf8 33. Bxc7 Bxc5 34. Bxe5 Kf7 35. Bf4 h5 36. Be3 Bd6 37. Kf3 Ke6 38. Ke4 Be5 39. Bd4 Bd6 40. f4 Bb4 41. h3 Be7 42. g4 hxg4 43. hxg4 a5 44. f5+ gxf5+ 45. gxf5+ Kf7 46. Kd5 a4 47. Kc6 b4 48. Kb5 b3 49. a3 1-0